000
00280nam a2200121Ia 4500
005
20251222141900.0
008
251222s9999||||xx |||||||||||||| ||spa||
082
_a
985.26/B72
100
_a
Boluarte DomÃnguez, José
245
0
_a
Comas:
264
_b
Juan Gutemberg
942
_c
LIB
999
_c
8017
_d
8017